| 000 | 00446nam a2200097Ia 4500 | ||
|---|---|---|---|
| 008 | 180130s9999 xx 000 0 und d | ||
| 245 |
_cNarang, Pratik; Hota, Chittaranjan; Venkatakrishnan, VN _aPeerShark: flow-clustering and conversation-generation for malicious peer-to-peer traffic identification |
||
| 260 | _c2016 | ||
| 300 | _aBook title: Handbook of information security--Acession number C20533; pages 225-236 | ||
| 650 | _aINFORMATION SECURITY | ||
| 999 |
_c354103 _d354103 |
||